00551nam a22001697a 450000500170000001000150001702000260003203500140005803700130007208200130008510000170009824500680011526000410018327000750022430000320029950000500033120170322161659.0 aENG-117569 a9788123764917c540.00 aEN-101101 bDBAD/PUB a792.0954 aAhuja,Chaman aContemporary theatre of India :cby Chaman Ahujaban overview / aNew DelhibNational Book Trustc2012 aNehru Bhawan,5 Industrial Area Phase-II Vasant KunjbNew Delhie110070 axii,350p. :c27cm(pbk)bill aIncludes bibliographical references and index